Rapport au garde de sceaux, Ministre de la Justice, sur l'organisation et les travaux de l'office de législation et de droit international (Record no. 57821)

MARC details
000 -LEADER
campo de control de longitud fija 00599nam a2200169 i 4500
001 - NÚMERO DE CONTROL
campo de control 57821
003 - IDENTIFICADOR DE NÚMERO DE CONTROL
campo de control ES-MaACL
005 - FECHA Y HORA DE LA ÚLTIMA TRANSACCIÓN
campo de control 20250809024228.0
007 - CAMPO FIJO DE DESCRIPCIÓN FÍSICA--INFORMACIÓN GENERAL
campo de control de longitud fija t|
008 - DATOS DE LONGITUD FIJA--INFORMACIÓN GENERAL
campo de control de longitud fija 031017s1920 fr |||| | fre d
100 1# - ENTRADA PRINCIPAL--NOMBRE DE PERSONA
Nombre de persona Dubois, Joseph.
9 (RLIN) 45767
245 10 - MENCIÓN DEL TÍTULO
Título Rapport au garde de sceaux, Ministre de la Justice, sur l'organisation et les travaux de l'office de législation et de droit international
Resto del título : (1876-1920) /
Mención de responsabilidad, etc. Jopseh Dubois.
260 ## - PUBLICACIÓN, DISTRIBUCIÓN, ETC.
Lugar de publicación, distribución, etc. Paris :
Nombre del editor, distribuidor, etc. [s.n.,
Fecha de publicación, distribución, etc. 1920] (
Fabricante Imp. Nationale)
650 07 - PUNTO DE ACCESO ADICIONAL DE MATERIA--TÉRMINO DE MATERIA
Término de materia o nombre geográfico como elemento de entrada Derecho internacional
Fuente del encabezamiento o término embne
9 (RLIN) 11717
852 ## - LOCALIZACIÓN
Ubicación ES-MaACL
Número de control de estantería 1599-F-5
Holdings
Estatus retirado Estado de pérdida Estado de daño No para préstamo Colección Biblioteca de origen Biblioteca actual Ubicación en estantería Fecha de adquisición Fuente de adquisición Total de préstamos Signatura topográfica completa Código de barras Visto por última vez Precio de reemplazo Tipo de ítem Koha
        Colección de folletos Biblioteca del Ateneo de Madrid Biblioteca del Ateneo de Madrid Depósito folletos 17/01/2008     1599-F-5 1060690 23/02/2023 23/02/2023 Folleto